000
00277nam a22001217a 4500
008
181217b xxu||||| |||| 00| 0 eng d
041
_a
eng
080
_a
910
100
_a
43
101
_a
GJEO
245
_a
The Times Atlas of World History
_c
Barraclough, G
942
_2
udc
_c
BK
999
_c
53298
_d
53298